<?xml version="1.0" encoding="UTF-8"?>
<record
    xmlns:xsi="http://www.w3.org/2001/XMLSchema-instance"
    xsi:schemaLocation="http://www.loc.gov/MARC21/slim http://www.loc.gov/standards/marcxml/schema/MARC21slim.xsd"
    xmlns="http://www.loc.gov/MARC21/slim">

  <leader>01660nam a22001817a 4500</leader>
  <datafield tag="999" ind1=" " ind2=" ">
    <subfield code="c">63809</subfield>
    <subfield code="d">63809</subfield>
  </datafield>
  <controlfield tag="003">Ge_BSU</controlfield>
  <controlfield tag="005">20260120191845.0</controlfield>
  <controlfield tag="008">260120s1959    ge ||||| |||| 00| 0 geo d</controlfield>
  <datafield tag="041" ind1=" " ind2=" ">
    <subfield code="a">geo</subfield>
  </datafield>
  <datafield tag="080" ind1=" " ind2=" ">
    <subfield code="a">329.150.21 XXI : 338.26(47+57)  &#x10EE;-88</subfield>
  </datafield>
  <datafield tag="100" ind1=" " ind2=" ">
    <subfield code="a">&#x10EE;&#x10E0;&#x10E3;&#x10E8;&#x10E9;&#x10DD;&#x10D5;&#x10D8;, &#x10DC;.&#x10E1;.</subfield>
    <subfield code="9">26023</subfield>
  </datafield>
  <datafield tag="245" ind1=" " ind2=" ">
    <subfield code="a">&#x10D0;&#x10DB;&#x10EE;&#x10D0;&#x10DC;&#x10D0;&#x10D2; &#x10DC;. &#x10E1;. &#x10EE;&#x10E0;&#x10E3;&#x10E8;&#x10E9;&#x10DD;&#x10D5;&#x10D8;&#x10E1; &#x10E1;&#x10D0;&#x10D1;&#x10DD;&#x10DA;&#x10DD;&#x10DD; &#x10E1;&#x10D8;&#x10E2;&#x10E7;&#x10D5;&#x10D0; &#x10E1;&#x10D0;&#x10D1;&#x10ED;&#x10DD;&#x10D7;&#x10D0; &#x10D9;&#x10D0;&#x10D5;&#x10E8;&#x10D8;&#x10E0;&#x10D8;&#x10E1; &#x10D9;&#x10DD;&#x10DB;&#x10E3;&#x10DC;&#x10D8;&#x10E1;&#x10E2;&#x10E3;&#x10E0;&#x10D8; &#x10DE;&#x10D0;&#x10E0;&#x10E2;&#x10D8;&#x10D8;&#x10E1; XXI &#x10E7;&#x10E0;&#x10D8;&#x10DA;&#x10DD;&#x10D1;&#x10D0;&#x10D6;&#x10D4; 1959 &#x10EC;&#x10DA;&#x10D8;&#x10E1; 5 &#x10D7;&#x10D4;&#x10D1;&#x10D4;&#x10E0;&#x10D5;&#x10D0;&#x10DA;&#x10E1; :</subfield>
    <subfield code="b"> &#x10E0;&#x10D4;&#x10D6;&#x10DD;&#x10DA;&#x10E3;&#x10EA;&#x10D8;&#x10D0; &#x10E1;&#x10D0;&#x10D1;&#x10ED;&#x10DD;&#x10D7;&#x10D0; &#x10D9;&#x10D0;&#x10D5;&#x10E8;&#x10D8;&#x10E0;&#x10D8;&#x10E1; &#x10D9;&#x10DD;&#x10DB;&#x10E3;&#x10DC;&#x10D8;&#x10E1;&#x10E2;&#x10E3;&#x10E0;&#x10D8; &#x10DE;&#x10D0;&#x10E0;&#x10E2;&#x10D8;&#x10D8;&#x10E1; XXI &#x10E7;&#x10E0;&#x10D8;&#x10DA;&#x10DD;&#x10D1;&#x10D8;&#x10E1;&#x10D0; "&#x10E1;&#x10E1;&#x10E0; &#x10D9;&#x10D0;&#x10D5;&#x10E8;&#x10D8;&#x10E0;&#x10D8;&#x10E1; &#x10E1;&#x10D0;&#x10EE;&#x10D0;&#x10DA;&#x10EE;&#x10DD; &#x10DB;&#x10D4;&#x10E3;&#x10E0;&#x10DC;&#x10D4;&#x10DD;&#x10D1;&#x10D8;&#x10E1; &#x10D2;&#x10D0;&#x10DC;&#x10D5;&#x10D8;&#x10D7;&#x10D0;&#x10E0;&#x10D4;&#x10D1;&#x10D8;&#x10E1; 1959-1965 &#x10EC;&#x10DA;&#x10D4;&#x10D1;&#x10D8;&#x10E1; &#x10E1;&#x10D0;&#x10D9;&#x10DD;&#x10DC;&#x10E2;&#x10E0;&#x10DD;&#x10DA;&#x10DD; &#x10EA;&#x10D8;&#x10E4;&#x10E0;&#x10D4;&#x10D1;&#x10D8;&#x10E1; &#x10E8;&#x10D4;&#x10E1;&#x10D0;&#x10EE;&#x10D4;&#x10D1;" &#x10D0;&#x10DB;&#x10EE;&#x10D0;&#x10DC;&#x10D0;&#x10D2; &#x10DC;. &#x10E1;. &#x10EE;&#x10E0;&#x10E3;&#x10E8;&#x10E9;&#x10DD;&#x10D5;&#x10D8;&#x10E1; &#x10DB;&#x10DD;&#x10EE;&#x10E1;&#x10D4;&#x10DC;&#x10D4;&#x10D1;&#x10D8;&#x10E1; &#x10D2;&#x10D0;&#x10DB;&#x10DD;. &#x10DB;&#x10D8;&#x10E6;&#x10D4;&#x10D1;&#x10E3;&#x10DA;&#x10D8;&#x10D0; &#x10D4;&#x10E0;&#x10D7;&#x10EE;&#x10DB;&#x10D0;&#x10D3; 1959 &#x10EC;&#x10DA;&#x10D8;&#x10E1; 5 &#x10D7;&#x10D4;&#x10D1;&#x10D4;&#x10E0;&#x10D5;&#x10D0;&#x10DA;&#x10E1; /</subfield>
    <subfield code="c">&#x10DC;.&#x10E1;. &#x10EE;&#x10E0;&#x10E3;&#x10E8;&#x10E9;&#x10DD;&#x10D5;&#x10D8;.</subfield>
  </datafield>
  <datafield tag="264" ind1=" " ind2=" ">
    <subfield code="a">&#x10D7;&#x10D1;. : </subfield>
    <subfield code="b">&#x10E1;&#x10D0;&#x10E5;. &#x10D9;&#x10DE; &#x10EA;&#x10D9;-&#x10D8;&#x10E1; &#x10D2;&#x10D0;&#x10DB;-&#x10D1;&#x10D0;, </subfield>
    <subfield code="c">1959.</subfield>
  </datafield>
  <datafield tag="300" ind1=" " ind2=" ">
    <subfield code="a">84 &#x10D2;&#x10D5;. ; </subfield>
    <subfield code="b">20 &#x10E1;&#x10DB;.</subfield>
  </datafield>
  <datafield tag="653" ind1=" " ind2=" ">
    <subfield code="a">&#x10E1;&#x10D9;&#x10D9;&#x10DE; XXI &#x10E7;&#x10E0;&#x10D8;&#x10DA;&#x10DD;&#x10D1;&#x10D0;.</subfield>
  </datafield>
  <datafield tag="653" ind1=" " ind2=" ">
    <subfield code="a">&#x10E1;&#x10E1;&#x10E0; &#x10D9;&#x10D0;&#x10D5;&#x10E8;&#x10D8;&#x10E0;&#x10D8;&#x10E1; &#x10E1;&#x10D0;&#x10EE;&#x10D0;&#x10DA;&#x10EE;&#x10DD; &#x10DB;&#x10D4;&#x10E3;&#x10E0;&#x10DC;&#x10D4;&#x10DD;&#x10D1;&#x10D8;&#x10E1; &#x10D2;&#x10D0;&#x10DC;&#x10D5;&#x10D8;&#x10D7;&#x10D0;&#x10E0;&#x10D4;&#x10D1;&#x10D8;&#x10E1; &#x10E8;&#x10D5;&#x10D8;&#x10D3;&#x10EC;&#x10DA;&#x10D8;&#x10D0;&#x10DC;&#x10D8; &#x10D2;&#x10D4;&#x10D2;&#x10DB;&#x10D0;, 1959-1965 &#x10EC;.&#x10EC;.</subfield>
  </datafield>
  <datafield tag="942" ind1=" " ind2=" ">
    <subfield code="2">udc</subfield>
    <subfield code="c">&#x1CAC;&#x1C98;&#x1C92;&#x1C9C;&#x1C98;</subfield>
  </datafield>
  <datafield tag="952" ind1=" " ind2=" ">
    <subfield code="0">0</subfield>
    <subfield code="1">0</subfield>
    <subfield code="2">udc</subfield>
    <subfield code="4">0</subfield>
    <subfield code="6">32915021_XXI__338264757_&#x10EE;88</subfield>
    <subfield code="7">0</subfield>
    <subfield code="9">105193</subfield>
    <subfield code="a">CPL</subfield>
    <subfield code="b">CPL</subfield>
    <subfield code="c">GEN</subfield>
    <subfield code="d">2026-01-20</subfield>
    <subfield code="g">0.20</subfield>
    <subfield code="o">329.150.21 XXI : 338.26(47+57)  &#x10EE;-88</subfield>
    <subfield code="p">73536</subfield>
    <subfield code="r">2026-01-20</subfield>
    <subfield code="t">73536</subfield>
    <subfield code="w">2026-01-20</subfield>
    <subfield code="y">&#x1CAC;&#x1C98;&#x1C92;&#x1C9C;&#x1C98;</subfield>
    <subfield code="z">0.20 &#x10D7;.</subfield>
  </datafield>
  <datafield tag="952" ind1=" " ind2=" ">
    <subfield code="0">0</subfield>
    <subfield code="1">0</subfield>
    <subfield code="2">udc</subfield>
    <subfield code="4">0</subfield>
    <subfield code="6">32915021_XXI__338264757_&#x10EE;88</subfield>
    <subfield code="7">0</subfield>
    <subfield code="9">105194</subfield>
    <subfield code="a">CPL</subfield>
    <subfield code="b">CPL</subfield>
    <subfield code="c">GEN</subfield>
    <subfield code="d">2026-01-20</subfield>
    <subfield code="g">0.20</subfield>
    <subfield code="o">329.150.21 XXI : 338.26(47+57)  &#x10EE;-88</subfield>
    <subfield code="p">73537</subfield>
    <subfield code="r">2026-01-20</subfield>
    <subfield code="t">73537</subfield>
    <subfield code="w">2026-01-20</subfield>
    <subfield code="y">&#x1CAC;&#x1C98;&#x1C92;&#x1C9C;&#x1C98;</subfield>
    <subfield code="z">0.20 &#x10D7;.</subfield>
  </datafield>
</record>
